[Event "Calgary 14th"]
[Site "Calgary"]
[Date "2023.12.29"]
[Round "7"]
[White "Khodjimatov, Sherzod"]
[Black "Soberov, Emil"]
[Result "0-1"]
[WhiteElo "2131"]
[BlackElo "2120"]
[PlyCount "92"]
[EventDate "2023.12.26"]
[EventType "swiss"]
[EventRounds "9"]
[EventCountry "CAN"]
[SourceTitle "CBM 218 Extra"]
[Source "ChessBase"]
[SourceDate "2024.03.31"]
[SourceVersion "1"]
[SourceVersionDate "2024.03.31"]
[SourceQuality "1"]

1. e4 c6 2. Nc3 d5 3. Nf3 Bg4 4. h3 Bxf3 5. gxf3 g6 6. d4 Bg7 7. Be3 e6 8. Qd3 Qa5 9. 0-0-0 Nd7 10. Kb1 0-0-0 11. Bf4 Nb6 12. exd5 Nxd5 13. Nxd5 Rxd5 14. Qe3 Ne7 15. Bc4 Nf5 16. Qe2 Rd7 17. c3 Rhd8 18. Rhg1 Nxd4 19. cxd4 Qf5+ 20. Qe4 Rxd4 21. Qxf5 exf5 22. Rxd4 Rxd4 23. Bxf7 Rxf4 24. Rd1 Bd4 25. Bg8 h6 26. Bf7 g5 27. Rd2 Kc7 28. Bh5 Rh4 29. Bg6 Rf4 30. Bh5 c5 31. Re2 Rh4 32. Bg6 Rxh3 33. Bxf5 Rxf3 34. Bg4 Rxf2 35. Re7+ Kc6 36. b3 Rb2+ 37. Kc1 Rxa2 38. Bf3+ Kd6 39. Rh7 b5 40. Rxh6+ Ke5 41. Bc6 c4 42. bxc4 bxc4 43. Bd7 c3 44. Rc6 Rb2 45. Rc8 Be3+ 46. Kd1 Rd2+ 0-1

[Event "Banff op"]
[Site "Banff"]
[Date "2023.11.10"]
[Round "2"]
[White "Khodjimatov, Sherzod"]
[Black "Montalti, Gianluca"]
[Result "1-0"]
[WhiteElo "2138"]
[BlackElo "1541"]
[PlyCount "55"]
[EventDate "2023.11.10"]
[EventType "swiss"]
[EventRounds "6"]
[EventCountry "CAN"]
[SourceTitle "CBM 217 Extra"]
[Source "ChessBase"]
[SourceDate "2024.01.31"]
[SourceVersion "1"]
[SourceVersionDate "2024.01.31"]
[SourceQuality "1"]

1. e4 c5 2. Nc3 e6 3. Nf3 Nc6 4. g3 a6 5. Bg2 Nf6 6. d3 Be7 7. 0-0 d6 8. Ng5 h6 9. Nh3 Qb6 10. Kh1 Bd7 11. f4 0-0-0 12. f5 Ne5 13. Nf4 g5 14. fxg6 Nxg6 15. Nxg6 fxg6 16. Qe2 Rdf8 17. Rb1 Ne8 18. Rxf8 Bxf8 19. Be3 Bg7 20. Qd2 Nf6 21. b4 Ng4 22. bxc5 Bxc3 23. cxb6 Bxd2 24. Bxd2 g5 25. Bb4 Ba4 26. Bxd6 e5 27. Bh3 Kd7 28. Bxe5 1-0

[Event "Titled Tuesday intern op 24th Oct Early"]
[Site "Chess.com INT"]
[Date "2023.10.24"]
[Round "6"]
[White "Khodjimatov, Sherzod"]
[Black "Bharath, Subramaniyam H"]
[Result "0-1"]
[WhiteElo "2138"]
[BlackElo "2500"]
[PlyCount "110"]
[EventDate "2023.10.24"]
[EventType "swiss (blitz)"]
[EventRounds "11"]
[EventCountry "USA"]
[SourceTitle "EXT 2025"]
[Source "ChessBase"]
[SourceDate "2024.10.14"]
[SourceVersion "1"]
[SourceVersionDate "2024.10.14"]
[SourceQuality "1"]

1. e4 c6 2. Nf3 d5 3. d3 g6 4. Nc3 Bg7 5. exd5 cxd5 6. d4 Nc6 7. h3 Bf5 8. Bb5 Nf6 9. 0-0 0-0 10. Bxc6 bxc6 11. Ne5 Rc8 12. Bf4 Nd7 13. Nxd7 Qxd7 14. Na4 f6 15. Nc5 Qe8 16. Re1 e5 17. c3 Rc7 18. Qa4 Re7 19. dxe5 fxe5 20. Bg5 Ref7 21. Rad1 Qc8 22. Qh4 Qb8 23. b4 a5 24. a3 axb4 25. axb4 e4 26. Re3 Be5 27. Bh6 Re8 28. f3 Bg3 29. Qg5 Bc8 30. fxe4 Bf2+ 31. Kh1 Bxe3 32. Qxe3 Qe5 33. Qd4 Qxd4 34. Rxd4 dxe4 35. Nxe4 Be6 36. Ng5 Rf1+ 37. Kh2 Bf7 38. Rd7 Rf5 39. Rc7 Re2 40. Rc8+ Be8 41. Rc7 Bf7 42. Rc8+ Re8 43. Rc7 Rf6 44. h4 Re2 45. Rc8+ Re8 46. Rc7 Ra8 47. c4 Rf4 48. b5 Rxh4+ 49. Kg3 Rxh6 50. Nxf7 Rh5 51. b6 Ra3+ 52. Kf2 Rf5+ 53. Ke2 Rxf7 54. Rxf7 Kxf7 55. c5 Rb3 0-1

[Event "Titled Tuesday intern op 24th Oct Early"]
[Site "Chess.com INT"]
[Date "2023.10.24"]
[Round "10"]
[White "Khodjimatov, Sherzod"]
[Black "Figorito, Nick"]
[Result "1-0"]
[WhiteElo "2138"]
[BlackElo "2036"]
[PlyCount "103"]
[EventDate "2023.10.24"]
[EventType "swiss (blitz)"]
[EventRounds "11"]
[EventCountry "USA"]
[SourceTitle "EXT 2025"]
[Source "ChessBase"]
[SourceDate "2024.10.14"]
[SourceVersion "1"]
[SourceVersionDate "2024.10.14"]
[SourceQuality "1"]

1. e4 e6 2. d4 d5 3. Nc3 Bb4 4. e5 c5 5. a3 Bxc3+ 6. bxc3 Ne7 7. Nf3 b6 8. Bb5+ Bd7 9. Bd3 Nbc6 10. 0-0 h6 11. Be3 c4 12. Be2 Nf5 13. Bc1 Nh4 14. a4 Nxf3+ 15. Bxf3 0-0 16. Ba3 Re8 17. Bh5 Ne7 18. f4 Nf5 19. Qe2 Bxa4 20. g4 Bxc2 21. gxf5 Bd3 22. Qg4 exf5 23. Qh3 Bxf1 24. Rxf1 Qd7 25. Kh1 Qe6 26. Bf3 a5 27. Qg2 Red8 28. Bd6 Rac8 29. Bxd5 Rxd6 30. Bxe6 Rxe6 31. d5 Ree8 32. d6 Red8 33. Rg1 g6 34. Qd5 Rc5 35. Qb7 b5 36. e6 Rf8 37. exf7+ Kg7 38. d7 b4 39. cxb4 axb4 40. Qxb4 Rd5 41. Qe7 Rxf7 42. d8Q Rxd8 43. Qxd8 Kh7 44. Qd4 Rc7 45. Qf6 Rg7 46. Re1 h5 47. Re7 Rxe7 48. Qxe7+ Kh6 49. Qf6 Kh7 50. Qd4 c3 51. Qxc3 Kh6 52. Qh8# 1-0

[Event "Titled Tuesday intern op 24th Oct Early"]
[Site "Chess.com INT"]
[Date "2023.10.24"]
[Round "5"]
[White "Khodjimatov, Sherzod"]
[Black "Novikova, Galina"]
[Result "1-0"]
[WhiteElo "2138"]
[BlackElo "2073"]
[PlyCount "57"]
[EventDate "2023.10.24"]
[EventType "swiss (blitz)"]
[EventRounds "11"]
[EventCountry "USA"]
[SourceTitle "EXT 2025"]
[Source "ChessBase"]
[SourceDate "2024.10.14"]
[SourceVersion "1"]
[SourceVersionDate "2024.10.14"]
[SourceQuality "1"]

1. e4 e6 2. d4 d5 3. Nc3 Bb4 4. e5 c5 5. a3 Bxc3+ 6. bxc3 Ne7 7. Nf3 b6 8. Bb5+ Bd7 9. Bd3 c4 10. Be2 Ba4 11. 0-0 h6 12. Nh4 Nbc6 13. f4 Kd7 14. f5 Qg8 15. fxe6+ fxe6 16. Bg4 g5 17. Rf6 gxh4 18. Bxe6+ Qxe6 19. Rxe6 Kxe6 20. Qg4+ Kf7 21. Be3 Rag8 22. Qd7 Rg7 23. Rf1+ Kg8 24. Qe6+ Kh7 25. Qxh6+ Kg8 26. Qe6+ Kh7 27. Rf7 Bxc2 28. Qh6+ Kg8 29. Qxg7# 1-0

[Event "Titled Tuesday intern op 22nd Aug Early"]
[Site "Chess.com INT"]
[Date "2023.08.22"]
[Round "10"]
[White "Dwilewicz, Katarzyna"]
[Black "Khodjimatov, Sherzod"]
[Result "1-0"]
[WhiteElo "2163"]
[BlackElo "2109"]
[PlyCount "101"]
[EventDate "2023.08.22"]
[EventType "swiss (blitz)"]
[EventRounds "11"]
[EventCountry "USA"]
[SourceTitle "EXT 2024"]
[Source "ChessBase"]
[SourceDate "2023.10.10"]
[SourceVersion "1"]
[SourceVersionDate "2023.10.10"]
[SourceQuality "1"]

1. e4 e5 2. Nf3 Nc6 3. Bc4 Nf6 4. d3 h6 5. 0-0 d6 6. c3 g5 7. Re1 Bg7 8. d4 0-0 9. dxe5 dxe5 10. Qxd8 Rxd8 11. Nbd2 g4 12. Nh4 Na5 13. Bf1 Be6 14. Nf5 Bf8 15. b3 Nxe4 16. Nxh6+ Bxh6 17. Nxe4 Bxc1 18. Raxc1 Kg7 19. Rcd1 b6 20. Ng5 Bf5 21. Rxd8 Rxd8 22. Rxe5 Kf6 23. f4 Rd1 24. Kf2 Nc6 25. Re1 Rd2+ 26. Re2 Rd8 27. Ne4+ Kg6 28. Ng3 Bc8 29. Ke1 Rh8 30. Rd2 Rxh2 31. Bb5 Ne7 32. Nf1 Rh1 33. Kf2 Be6 34. Bd3+ Kf6 35. Ng3 Ra1 36. Ne4+ Kg7 37. Ng5 Bc8 38. Bc4 f6 39. Ne6+ Bxe6 40. Bxe6 f5 41. b4 Kf6 42. Bb3 Rc1 43. Rc2 Rh1 44. Re2 a5 45. Re6+ Kf7 46. Rh6+ Kg7 47. Rxh1 Ng6 48. g3 axb4 49. cxb4 c5 50. bxc5 bxc5 51. Rc1 1-0

[Event "Titled Tuesday intern op 22nd Aug Early"]
[Site "Chess.com INT"]
[Date "2023.08.22"]
[Round "5"]
[White "Hua, Lefong"]
[Black "Khodjimatov, Sherzod"]
[Result "1-0"]
[WhiteElo "2305"]
[BlackElo "2109"]
[PlyCount "55"]
[EventDate "2023.08.22"]
[EventType "swiss (blitz)"]
[EventRounds "11"]
[EventCountry "USA"]
[SourceTitle "EXT 2024"]
[Source "ChessBase"]
[SourceDate "2023.10.10"]
[SourceVersion "1"]
[SourceVersionDate "2023.10.10"]
[SourceQuality "1"]

1. d4 Nf6 2. c4 c5 3. d5 b5 4. cxb5 a6 5. b6 g6 6. Nc3 Bg7 7. a4 Qxb6 8. a5 Qc7 9. e4 0-0 10. Bc4 e6 11. Nge2 exd5 12. exd5 d6 13. 0-0 Bf5 14. Ng3 Bg4 15. Qc2 Re8 16. h3 Bc8 17. Bf4 Bb7 18. Nge4 Nxe4 19. Nxe4 Rd8 20. Rfe1 h6 21. g4 Bc8 22. Nxd6 Bf8 23. Nxf7 Qxf4 24. Qxg6+ Bg7 25. Nxd8 Bd7 26. Re7 Qf6 27. d6+ Kf8 28. Rf7+ 1-0

[Event "Titled Tuesday intern op 22nd Aug Early"]
[Site "Chess.com INT"]
[Date "2023.08.22"]
[Round "6"]
[White "Khodjimatov, Sherzod"]
[Black "Dilmukhametov, Artur"]
[Result "1-0"]
[WhiteElo "2109"]
[BlackElo "2276"]
[PlyCount "105"]
[EventDate "2023.08.22"]
[EventType "swiss (blitz)"]
[EventRounds "11"]
[EventCountry "USA"]
[SourceTitle "EXT 2024"]
[Source "ChessBase"]
[SourceDate "2023.10.10"]
[SourceVersion "1"]
[SourceVersionDate "2023.10.10"]
[SourceQuality "1"]

1. e4 e6 2. d4 d5 3. Nc3 Bb4 4. e5 c5 5. a3 Ba5 6. Nf3 Ne7 7. dxc5 Bxc3+ 8. bxc3 Nd7 9. c4 Nxc5 10. cxd5 Qxd5 11. Be2 Bd7 12. 0-0 Qxd1 13. Rxd1 Nd5 14. Bd2 Ne4 15. Bc4 Ndc3 16. Bxc3 Nxc3 17. Rd3 Ne2+ 18. Kf1 Nf4 19. Rd4 Ng6 20. Rb1 Bc6 21. Bb5 Bxb5+ 22. Rxb5 b6 23. Ke2 Ke7 24. a4 Rhd8 25. Rxd8 Rxd8 26. g3 Kd7 27. a5 Kc7 28. axb6+ axb6 29. Rb4 h6 30. Rg4 Rd5 31. h4 Rc5 32. Kd2 Rd5+ 33. Ke2 Rc5 34. h5 Rxc2+ 35. Ke1 Ne7 36. Rxg7 Kd8 37. Rxf7 Nd5 38. Nd4 Rc4 39. Nxe6+ Ke8 40. Rh7 Re4+ 41. Kf1 Rxe5 42. Rxh6 b5 43. Nd4 b4 44. Rd6 Ke7 45. Ra6 Kd7 46. h6 Rh5 47. Ra7+ Kd6 48. g4 Rh4 49. Nf5+ Kc6 50. Nxh4 b3 51. Ra1 Nc3 52. Rc1 b2 53. Rxc3+ 1-0

[Event "Titled Tuesday intern op 22nd Aug Late"]
[Site "Chess.com INT"]
[Date "2023.08.22"]
[Round "2"]
[White "Morales, Carlos1"]
[Black "Khodjimatov, Sherzod"]
[Result "1-0"]
[WhiteElo "2106"]
[BlackElo "2109"]
[PlyCount "95"]
[EventDate "2023.08.22"]
[EventType "swiss (blitz)"]
[EventRounds "11"]
[EventCountry "USA"]
[SourceTitle "EXT 2024"]
[Source "ChessBase"]
[SourceDate "2023.10.10"]
[SourceVersion "1"]
[SourceVersionDate "2023.10.10"]
[SourceQuality "1"]

1. e4 e5 2. Nf3 Nc6 3. Bc4 Nf6 4. d3 h6 5. c3 d6 6. 0-0 g5 7. Re1 Bg7 8. Nbd2 g4 9. Nh4 Nxe4 10. dxe4 Qxh4 11. Nf1 0-0 12. Ng3 Be6 13. Nf5 Bxf5 14. exf5 h5 15. Bd5 Qf6 16. h3 Qxf5 17. hxg4 hxg4 18. Re4 Ne7 19. Rxg4 Nxd5 20. Bh6 Kh7 21. Bxg7 Rg8 22. Rh4+ Kxg7 23. Qxd5 Kf6 24. Re1 Rg5 25. Re3 Qg6 26. Rf3+ Kg7 27. Rg3 Rxg3 28. fxg3 Qxg3 29. Rh3 Qe1+ 30. Kh2 Rh8 31. Qxb7 Rxh3+ 32. Kxh3 Qe3+ 33. Kh2 Qf4+ 34. Kg1 e4 35. Qxc7 e3 36. Qe7 Qf2+ 37. Kh2 Qf4+ 38. Kg1 Kg6 39. Qe8 Qf2+ 40. Kh2 e2 41. Qg8+ Kf6 42. Qd8+ Ke6 43. Qe8+ Kf6 44. Qd8+ Ke5 45. Qe8+ Kd5 46. Qb5+ Ke4 47. Qc4+ Ke3 48. Qd4# 1-0

[Event "Titled Tuesday intern op 07th Feb Early"]
[Site "Chess.com INT"]
[Date "2023.02.07"]
[Round "2"]
[White "Khodjimatov, Sherzod"]
[Black "Bashirli, Saadat"]
[Result "1-0"]
[WhiteElo "2103"]
[BlackElo "1597"]
[PlyCount "113"]
[EventDate "2023.02.07"]
[EventType "swiss (blitz)"]
[EventRounds "11"]
[EventCountry "USA"]
[SourceTitle "EXT 2024"]
[Source "ChessBase"]
[SourceDate "2023.10.10"]
[SourceVersion "1"]
[SourceVersionDate "2023.10.10"]
[SourceQuality "1"]

1. e4 c5 2. Nc3 g6 3. g3 Bg7 4. Bg2 Nc6 5. d3 e6 6. Be3 d6 7. Qd2 Nge7 8. Nge2 a6 9. 0-0 0-0 10. Bh6 b5 11. Bxg7 Kxg7 12. Nd1 d5 13. Qc3+ Kg8 14. Qxc5 Bb7 15. Qe3 Rc8 16. c3 b4 17. Qh6 dxe4 18. dxe4 a5 19. Ne3 Ne5 20. Rfd1 Qc7 21. h4 f5 22. Nd4 Qb6 23. exf5 Bxg2 24. Kxg2 exf5 25. Qf4 Nf7 26. c4 Rfd8 27. b3 Qf6 28. Rac1 Kg7 29. h5 Rc5 30. hxg6 hxg6 31. Ne2 g5 32. Qf3 Ne5 33. Qb7 Rxd1 34. Rxd1 Nf7 35. Rd7 Re5 36. Rxe7 Rxe7 37. Qxe7 Qxe7 38. Nxf5+ Kf6 39. Nxe7 Kxe7 40. Kf3 Ke6 41. Ke3 Ne5 42. f4 gxf4+ 43. gxf4 Ng4+ 44. Kd4 Nf2 45. Ng3 Nd1 46. f5+ Kf6 47. c5 Nc3 48. c6 Ke7 49. Ne4 Nxa2 50. f6+ Ke6 51. c7 Kd7 52. f7 Kxc7 53. f8Q a4 54. Qd6+ Kb7 55. Nc5+ Ka7 56. Qa6+ Kb8 57. Qb7# 1-0

[Event "Titled Tuesday intern op 07th Feb Early"]
[Site "Chess.com INT"]
[Date "2023.02.07"]
[Round "8"]
[White "Khodjimatov, Sherzod"]
[Black "Rosenberg, Evan"]
[Result "1-0"]
[WhiteElo "2103"]
[BlackElo "1997"]
[PlyCount "57"]
[EventDate "2023.02.07"]
[EventType "swiss (blitz)"]
[EventRounds "11"]
[EventCountry "USA"]
[SourceTitle "EXT 2024"]
[Source "ChessBase"]
[SourceDate "2023.10.10"]
[SourceVersion "1"]
[SourceVersionDate "2023.10.10"]
[SourceQuality "1"]

1. e4 e5 2. Nf3 Nc6 3. Bb5 Nf6 4. 0-0 Nxe4 5. Qe2 Nd6 6. Bxc6 dxc6 7. Qxe5+ Be6 8. Re1 Nc4 9. Qc3 Qd5 10. d3 Nb6 11. Ng5 0-0-0 12. Nxe6 fxe6 13. Qb3 Bc5 14. Nc3 Qh5 15. Ne4 Bd6 16. Qxe6+ Kb8 17. Nxd6 Rxd6 18. Qe2 Qg6 19. Bf4 Rdd8 20. Bg3 Nd5 21. d4 h5 22. h3 h4 23. Be5 a6 24. c4 Nf6 25. b4 Nh5 26. b5 axb5 27. cxb5 cxb5 28. Qxb5 Rhe8 29. Rab1 1-0

[Event "Titled Tuesday intern op 31st Jan Early"]
[Site "Chess.com INT"]
[Date "2023.01.31"]
[Round "11"]
[White "Khodjimatov, Sherzod"]
[Black "Ciuffoletti, Paolo"]
[Result "1-0"]
[WhiteElo "2127"]
[BlackElo "2106"]
[PlyCount "97"]
[EventDate "2023.01.31"]
[EventType "swiss (blitz)"]
[EventRounds "11"]
[EventCountry "USA"]
[SourceTitle "CBM 212 Extra"]
[Source "ChessBase"]
[SourceDate "2023.03.31"]
[SourceVersion "1"]
[SourceVersionDate "2023.03.31"]
[SourceQuality "1"]

1. e4 c5 2. Nc3 Nc6 3. g3 g6 4. Bg2 Bg7 5. d3 d6 6. Be3 e6 7. Qd2 Nd4 8. Nge2 Ne7 9. 0-0 Rb8 10. Bh6 0-0 11. Bxg7 Kxg7 12. Nd1 b5 13. Nf4 e5 14. Ne2 Bh3 15. Nxd4 Bxg2 16. Nf5+ Nxf5 17. Kxg2 Nd4 18. c3 Ne6 19. Ne3 f5 20. Nd5 f4 21. f3 g5 22. g4 h5 23. h3 hxg4 24. hxg4 Nc7 25. Nxc7 Qxc7 26. d4 Rh8 27. Rad1 Rbd8 28. Qe2 c4 29. dxe5 dxe5 30. Rd5 Rxd5 31. exd5 Kf6 32. Re1 Qd6 33. Qe4 Ke7 34. Qf5 Qh6 35. Qxe5+ Kd8 36. Qb8+ Kd7 37. Qxb5+ Kd8 38. Qb8+ Kd7 39. Qb7+ Kd8 40. Qe7+ Kc8 41. Qe6+ Qxe6 42. dxe6 Re8 43. e7 Kd7 44. Re4 Rxe7 45. Rxe7+ Kxe7 46. Kf2 Kd6 47. Ke2 Kc5 48. Kd2 a5 49. b3 1-0

[Event "Titled Tuesday intern op 31st Jan Early"]
[Site "Chess.com INT"]
[Date "2023.01.31"]
[Round "5"]
[White "Khodjimatov, Sherzod"]
[Black "Martin Fuentes, Alberto"]
[Result "0-1"]
[WhiteElo "2127"]
[BlackElo "2393"]
[PlyCount "54"]
[EventDate "2023.01.31"]
[EventType "swiss (blitz)"]
[EventRounds "11"]
[EventCountry "USA"]
[SourceTitle "CBM 212 Extra"]
[Source "ChessBase"]
[SourceDate "2023.03.31"]
[SourceVersion "1"]
[SourceVersionDate "2023.03.31"]
[SourceQuality "1"]

1. e4 e6 2. d4 d5 3. Nd2 Be7 4. Ngf3 Nf6 5. Bd3 c5 6. exd5 exd5 7. 0-0 0-0 8. c3 c4 9. Bc2 Bg4 10. Re1 Nc6 11. Nf1 b5 12. Ng3 b4 13. h3 Bd7 14. Nf5 Bxf5 15. Bxf5 g6 16. Bc2 Re8 17. Bg5 Qd6 18. Ne5 Nd7 19. Bf4 Ndxe5 20. dxe5 Qe6 21. Qg4 Red8 22. Rad1 Rac8 23. Bg3 Bc5 24. Ba4 Ne7 25. Kh2 h5 26. Qg5 Nf5 27. Bf4 Be7 0-1

[Event "Titled Tuesday intern op 31st Jan Early"]
[Site "Chess.com INT"]
[Date "2023.01.31"]
[Round "8"]
[White "Khodjimatov, Sherzod"]
[Black "Ruiz Aguilar, Pablo Alexander"]
[Result "1-0"]
[WhiteElo "2127"]
[BlackElo "2161"]
[PlyCount "115"]
[EventDate "2023.01.31"]
[EventType "swiss (blitz)"]
[EventRounds "11"]
[EventCountry "USA"]
[SourceTitle "CBM 212 Extra"]
[Source "ChessBase"]
[SourceDate "2023.03.31"]
[SourceVersion "1"]
[SourceVersionDate "2023.03.31"]
[SourceQuality "1"]

1. e4 c5 2. Nc3 Nc6 3. g3 g6 4. Bg2 Bg7 5. d3 Rb8 6. Be3 Nd4 7. Nce2 e6 8. c3 Nxe2 9. Nxe2 b6 10. 0-0 Ne7 11. d4 cxd4 12. Bxd4 e5 13. Be3 0-0 14. Qd6 Nc6 15. Rfd1 Re8 16. Bh3 Bf8 17. Qd5 d6 18. Bxc8 Qxc8 19. Bg5 Na5 20. Bf6 Re6 21. Bg5 Re8 22. Be3 Nc4 23. Bc1 b5 24. Kg2 Qb7 25. b3 Na5 26. Ba3 Qxd5 27. Rxd5 Re6 28. Rad1 Rb6 29. f4 exf4 30. Nxf4 Rxe4 31. Bxd6 Nb7 32. Bxf8 Kxf8 33. Kf3 Re7 34. Rd7 Rxd7 35. Rxd7 a5 36. Nd5 Rd6 37. Rxb7 Rxd5 38. Ke4 Rd2 39. Rxb5 Rxa2 40. h4 Kg7 41. c4 Ra3 42. c5 a4 43. b4 Rxg3 44. c6 Rg4+ 45. Kd5 Rg1 46. c7 Rd1+ 47. Kc6 a3 48. c8Q a2 49. Ra5 a1Q 50. Rxa1 Rxa1 51. Qd7 Rc1+ 52. Kb7 Rf1 53. b5 h5 54. b6 Rf5 55. Qd4+ Kh7 56. Kc7 Rf1 57. b7 Rc1+ 58. Kd8 1-0